000 00791nam a2200241Ia 4500
003 OSt
005 20221006142858.0
006 a|||||r|||| 00| 0
007 ta
008 221006b |||||||| |||| 00| 0 eng d
020 _c
_21.95
024 _a7,430
037 _bGift, Japan Foundation
_cTextual
040 _aEASL
_cEASL
_beng
041 _2eng
_aeng
082 _aV42p N80, M0
100 _aSHIRATORI Rei Ed.
_9648643
245 0 _aJapan in the 1980s
_b Papers from a symposium on contemporary Japan held at Sheffield University, England, September 11-13, 1980
260 _aTokyo
_bKodansha International Ltd. Japan
_c1980
300 _a290p.
_ccm.
942 _hV42p N80, M0
_cTEXL
_2CC
999 _c1075516
_d1075516